000 00582cam a22002052 4500
001 0000024263
005 20151217155914.0
008 130621s xx 000 0 eng d
020 _a9966469939 :
040 _aKABU
_cKABU
100 1 _aMacgoye, Marjorie O.
_@0000158548
245 1 0 _aChira /
_cMarjorie O. Macgoye.
250 _a1st ed.
260 _aNairobi :
_bE. A. E. P.,
_c1997.
300 _a175 p.
650 0 _aKenyan fiction (English)
_@0000184269
852 1 _9p400 KES
908 _a130621
950 _@1
999 _c13896
_d13896